| 000 | 00541nam a2200193Ia 4500 | ||
|---|---|---|---|
| 999 |
_c15154 _d15154 |
||
| 003 | OSt | ||
| 005 | 20201019123541.0 | ||
| 008 | 190216s9999||||xx |||||||||||||| ||und|| | ||
| 020 | _a9788131607947 | ||
| 040 | _coclc | ||
| 082 |
_a070.50905 _bGUP/G |
||
| 100 |
_aGupta, Suman _95910 |
||
| 245 | 0 |
_aGlobalization And Literature / _cSuman Gupta |
|
| 250 | _a1st Ed. | ||
| 260 |
_bRawat Publications, _c2009. _aJaipur: |
||
| 300 | _a190p | ||
| 650 | _aEnglish | ||
| 942 |
_cBK _2ddc _h070.50905 _iGUP/G _k070.50905 _mGUP/G |
||